000 00394nam a2200109 a 4500
008 120416s9999 xx |||||||||||||| || u
050 _aHB 171.5 Hen
100 _aHenderson, Hubert, Sir
245 1 0 _aSupply and demand
350 _a0.00
995 _D0.00
_FCBU-MAIN LIBRARY (Kitwe)
_H1
_I2.50
_M1
_UAVAILABLE
_ZMain Library Open Access Collection
999 _c59126
_d59126